Medical terminology: a short course. (6th ed.) (Record no. 32051)

MARC details
000 -LEADER
fixed length control field 00738nam a2200181 a 4500
008 - FIXED-LENGTH DATA ELEMENTS--GENERAL INFORMATION
fixed length control field 160301s2012 ||||||||||||||||| || u
020 ## - INTERNATIONAL STANDARD BOOK NUMBER
International Standard Book Number 9781437734409
050 ## - LIBRARY OF CONGRESS CALL NUMBER
Classification number R 123 Cha
100 ## - MAIN ENTRY--PERSONAL NAME
Personal name Chabner, Davi-Ellen
245 10 - TITLE STATEMENT
Title Medical terminology: a short course. (6th ed.)
Statement of responsibility, etc. By Davi-Ellen Chabner
250 ## - EDITION STATEMENT
Edition statement 6th ed.
260 ## - PUBLICATION, DISTRIBUTION, ETC.
Place of publication, distribution, etc. St. Louis Missouri
Name of publisher, distributor, etc. Saunders Elsevier
Date of publication, distribution, etc. 2012
300 ## - PHYSICAL DESCRIPTION
Extent xvii, 420p.: ill.
350 ## -
-- 48.95
650 ## - SUBJECT ADDED ENTRY--TOPICAL TERM
Topical term or geographic name entry element MEDICINE -- TERMINOLOGY -- PROGRAMMED INSTRUCTION
650 ## - SUBJECT ADDED ENTRY--TOPICAL TERM
Topical term or geographic name entry element TERMINOLOGY -- PROBLEMS AND EXERCISES
995 ## -
-- MICHAEL CHILUFYA SATA OPEN ACCESS
-- 903351
-- CBU-SCHOOL OF MEDICINE LIBRARY (Ndola)
-- 48.95
-- R 123 Cha
-- 1
-- AVAILABLE
-- Mar 14, 2016
-- 903351
-- Medical Library Open Access Collection
999 ## -
-- 32051
-- 32051
Holdings
Withdrawn status Lost status Source of classification or shelving scheme Damaged status Not for loan Permanent Location Current Location Shelving location Date acquired Total Checkouts Full call number Barcode Date last seen Price effective from Koha item type
          CBU-SCHOOL OF MEDICINE LIBRARY, NDOLA. CBU-SCHOOL OF MEDICINE LIBRARY, NDOLA.   11/30/2022   R 123 Cha 903351 11/30/2022 11/30/2022 MONOGRAPH